[Event "Asian Indoor Games 3rd Prelim"]
[Site "Ha Long City"]
[Date "2009.11.05"]
[Round "2"]
[White "Sachdev, Tania"]
[Black "Rysbayeva, Aigerim"]
[Result "1/2-1/2"]
[WhiteElo "2399"]
[BlackElo "2199"]
[PlyCount "118"]
[EventDate "2009.11.05"]
[EventType "team (rapid)"]
[EventRounds "9"]
[EventCountry "VIE"]
[SourceTitle "CBM 133 Extra"]
[Source "ChessBase"]
[SourceDate "2010.01.05"]
[SourceVersion "1"]
[SourceVersionDate "2010.01.05"]
[SourceQuality "1"]

1. d4 d5 2. c4 c6 3. Nf3 Nf6 4. Qc2 dxc4 5. Qxc4 Bf5 6. g3 e6 7. Bg2 Nbd7 8. Nc3 Be7 9. 0-0 0-0 10. Re1 Ne4 11. Qb3 Nxc3 12. bxc3 Qb6 13. e4 Bg4 14. Qc2 Qc7 15. Bf4 Bd6 16. e5 Be7 17. Nd2 c5 18. d5 Qc8 19. d6 Bd8 20. Nc4 Bf5 21. Qe2 Nb6 22. Ne3 Bg6 23. c4 f5 24. h4 Be8 25. Nd1 Na4 26. Qc2 Bc6 27. Rb1 Bxg2 28. Kxg2 Qc6+ 29. Kg1 Rb8 30. Rb5 Nb6 31. Qd3 a6 32. Rb2 Na4 33. Rc2 b5 34. Ne3 Nb6 35. Rec1 b4 36. Ng2 a5 37. Bd2 Nd7 38. Qe2 a4 39. Nf4 Re8 40. Rb1 Qe4 41. Qxe4 fxe4 42. Re1 Nxe5 43. Rxe4 Nf3+ 44. Kg2 Nxd2 45. Rxd2 Kf7 46. Nd3 b3 47. axb3 axb3 48. Rb2 Bf6 49. Ne5+ Bxe5 50. Rxe5 Red8 51. Rxc5 Rxd6 52. Rb5 Rc8 53. Rb4 Rdc6 54. R2xb3 Rxc4 55. Rf3+ Kg8 56. Rb7 R4c7 57. Rb6 Rc6 58. Rb7 R6c7 59. Rb6 Rc6 1/2-1/2

[Event "Kostroma Volga Cup"]
[Site "Kostroma"]
[Date "2009.07.11"]
[Round "11"]
[White "Mokshanov, Alexey"]
[Black "Rysbayeva, Aigerim"]
[Result "1/2-1/2"]
[WhiteElo "2223"]
[BlackElo "2167"]
[PlyCount "73"]
[EventDate "2009.07.03"]
[EventType "tourn"]
[EventRounds "11"]
[EventCountry "RUS"]
[SourceTitle "CBM 131 Extra"]
[Source "ChessBase"]
[SourceDate "2009.09.03"]
[SourceVersion "2"]
[SourceVersionDate "2009.09.16"]
[SourceQuality "1"]

1. e4 e5 2. Nf3 Nc6 3. Bb5 a6 4. Ba4 Nf6 5. 0-0 b5 6. Bb3 Bc5 7. c3 d6 8. h3 0-0 9. d3 h6 10. Be3 Qe7 11. Nbd2 Na5 12. Bc2 Bxe3 13. fxe3 d5 14. d4 exd4 15. exd4 Nxe4 16. Nxe4 dxe4 17. Ne5 Qg5 18. Qe2 Bxh3 19. Qxe4 g6 20. Rxf7 Rxf7 21. Nxf7 Qxg2+ 22. Qxg2 Bxg2 23. Nxh6+ Kg7 24. Ng4 Bd5 25. a4 Nc4 26. Re1 Rf8 27. Re7+ Rf7 28. Rxf7+ Bxf7 29. axb5 axb5 30. Bd3 c6 31. Bxc4 Bxc4 32. Kf2 Bd5 33. Ne5 Kf6 34. b3 Bxb3 35. Nxc6 Ke6 36. Kg3 Kd5 37. Ne5 1/2-1/2

[Event "Kostroma Volga Cup"]
[Site "Kostroma"]
[Date "2009.07.04"]
[Round "3"]
[White "Shkalov, Oleg"]
[Black "Rysbayeva, Aigerim"]
[Result "1-0"]
[WhiteElo "2248"]
[BlackElo "2167"]
[PlyCount "171"]
[EventDate "2009.07.03"]
[EventType "tourn"]
[EventRounds "11"]
[EventCountry "RUS"]
[SourceTitle "CBM 131 Extra"]
[Source "ChessBase"]
[SourceDate "2009.09.03"]
[SourceVersion "2"]
[SourceVersionDate "2009.09.16"]
[SourceQuality "1"]

1. e4 c5 2. c3 d5 3. e5 Nc6 4. f4 Bf5 5. Be2 e6 6. d3 h6 7. Na3 Nge7 8. h4 d4 9. c4 Bh7 10. h5 Nf5 11. Rh3 Qb6 12. Nc2 0-0-0 13. g4 Ne3 14. Bxe3 dxe3 15. b3 Qa5+ 16. Kf1 f6 17. exf6 gxf6 18. Rxe3 Bd6 19. Nh3 Qc7 20. Rf3 Rhg8 21. Rf2 Qd7 22. Qd2 Bc7 23. Rd1 Ba5 24. Qe3 Qd6 25. Rg2 Bc3 26. Nf2 Bd4 27. Qf3 Qe7 28. Nxd4 Nxd4 29. Qe3 Rd7 30. Rg3 Qd8 31. Bf3 Qa5 32. Rd2 Nf5 33. gxf5 Rxg3 34. fxe6 Re7 35. Re2 Rg8 36. Bd5 Bf5 37. Ne4 Bxe4 38. Bxe4 Qc7 39. b4 Rg4 40. f5 Qf4+ 41. Qxf4 Rxf4+ 42. Ke1 cxb4 43. Rg2 Rh4 44. Kd2 Rxh5 45. Rg8+ Kc7 46. Kc2 b6 47. Rg6 a5 48. Kb3 Kd6 49. Rxf6 Rh3 50. Rf8 h5 51. Rb8 h4 52. Rxb6+ Ke5 53. Rb5+ Kf6 54. Rxa5 Rg3 55. Ra8 h3 56. Rh8 Kg7 57. Rh5 Ra7 58. c5 Kf6 59. c6 Ke5 60. Rh4 Rg8 61. d4+ Kd6 62. d5 Rg3+ 63. Kxb4 Rga3 64. Bc2 Rxa2 65. Bb3 Rf2 66. Rxh3 Rxf5 67. Rh8 Rg7 68. Rd8+ Kc7 69. Ra8 Kd6 70. Ra6 Rf4+ 71. Kb5 Rgg4 72. c7+ Kxc7 73. Rc6+ Kd8 74. d6 Rb4+ 75. Kc5 Rb7 76. Bd5 Rgg7 77. Ra6 Rb8 78. Kd4 Rg4+ 79. Kc5 Rg7 80. Ra4 Rc8+ 81. Bc6 Rg5+ 82. Kb6 Rb8+ 83. Ka7 Re5 84. e7+ Kc8 85. d7+ Kc7 86. e8Q 1-0

[Event "Lipetsk King's Gambit-B"]
[Site "Lipetsk"]
[Date "2009.06.30"]
[Round "8"]
[White "Pesotsky, Vitaly"]
[Black "Rysbayeva, Aigerim"]
[Result "1/2-1/2"]
[WhiteElo "2318"]
[BlackElo "2167"]
[PlyCount "102"]
[EventDate "2009.06.23"]
[EventType "tourn"]
[EventRounds "11"]
[EventCountry "RUS"]
[EventCategory "1"]
[SourceTitle "CBM 131 Extra"]
[Source "ChessBase"]
[SourceDate "2009.09.03"]
[SourceVersion "2"]
[SourceVersionDate "2009.09.16"]
[SourceQuality "1"]

1. e4 c5 2. Nf3 d6 3. d4 cxd4 4. Nxd4 Nf6 5. Nc3 Nc6 6. Be2 e5 7. Nb3 Be7 8. 0-0 0-0 9. Be3 a5 10. Bf3 a4 11. Nc1 a3 12. b3 Qa5 13. N1e2 b5 14. Nd5 Nxd5 15. Qxd5 Nb4 16. Qd2 Bb7 17. Ng3 Rfd8 18. c3 Na6 19. Rfd1 Nc7 20. Qe1 d5 21. Bd2 dxe4 22. Nxe4 f5 23. Nf6+ Bxf6 24. Bxb7 Rab8 25. b4 Qb6 26. Bf3 e4 27. Be2 Nd5 28. Bf1 Qc6 29. Rac1 Nb6 30. Be3 Nc4 31. Bc5 Nb2 32. Rxd8+ Rxd8 33. Qe2 Nd3 34. Rd1 Rd7 35. Qc2 Nxc5 36. bxc5 Rxd1 37. Qxd1 Qxc5 38. Qb3+ Kf8 39. Qxb5 Qxb5 40. Bxb5 Bxc3 41. Kf1 Ke7 42. Ke2 Kd6 43. f3 Ke5 44. fxe4 Kxe4 45. Bc6+ Kf4 46. Bd7 h5 47. Kf1 h4 48. Bc8 Ke4 49. Bb7+ Ke3 50. Bc8 g6 51. Be6 Be5 1/2-1/2

[Event "Lipetsk King's Gambit-B"]
[Site "Lipetsk"]
[Date "2009.06.29"]
[Round "7"]
[White "Rysbayeva, Aigerim"]
[Black "Lomako, Pavel"]
[Result "1/2-1/2"]
[WhiteElo "2167"]
[BlackElo "2417"]
[PlyCount "44"]
[EventDate "2009.06.23"]
[EventType "tourn"]
[EventRounds "11"]
[EventCountry "RUS"]
[EventCategory "1"]
[SourceTitle "CBM 131 Extra"]
[Source "ChessBase"]
[SourceDate "2009.09.03"]
[SourceVersion "2"]
[SourceVersionDate "2009.09.16"]
[SourceQuality "1"]

1. e4 d5 2. exd5 Nf6 3. c4 c6 4. d4 cxd5 5. Nc3 Nc6 6. Nf3 Bg4 7. cxd5 Nxd5 8. Qb3 Bxf3 9. gxf3 Nb6 10. Be3 e6 11. 0-0-0 Be7 12. d5 exd5 13. Nxd5 Nxd5 14. Rxd5 Qc7 15. Kb1 0-0 16. f4 Nb4 17. Rd4 Rfd8 18. Rxd8+ Rxd8 19. Bc4 Bd6 20. Rg1 Qd7 21. a3 Qf5+ 22. Ka1 Nc2+ 1/2-1/2

[Event "Lipetsk King's Gambit-B"]
[Site "Lipetsk"]
[Date "2009.06.23"]
[Round "10"]
[White "Bezgodova, Svetlana"]
[Black "Rysbayeva, Aigerim"]
[Result "0-1"]
[WhiteElo "2198"]
[BlackElo "2167"]
[PlyCount "50"]
[EventDate "2009.06.23"]
[EventType "tourn"]
[EventRounds "11"]
[EventCountry "RUS"]
[EventCategory "1"]
[SourceTitle "CBM 131 Extra"]
[Source "ChessBase"]
[SourceDate "2009.09.03"]
[SourceVersion "2"]
[SourceVersionDate "2009.09.16"]
[SourceQuality "1"]

1. e4 e5 2. Nf3 Nc6 3. Nc3 Nf6 4. d4 exd4 5. Nxd4 Bb4 6. Nxc6 bxc6 7. Bd3 d5 8. exd5 cxd5 9. 0-0 0-0 10. Bg5 c6 11. a3 Bd6 12. Ne2 Bxh2+ 13. Kxh2 Ng4+ 14. Kg1 Qxg5 15. Ng3 Re8 16. Qf3 Bd7 17. b4 Qh4 18. Rfd1 Qh2+ 19. Kf1 h5 20. Bf5 Ne5 21. Qc3 Bxf5 22. Nxf5 Qh1+ 23. Ke2 Qxg2 24. Rg1 Qe4+ 25. Kd2 Qxf5 0-1